The four-color problem : assaults and conquest /
Guardado en:
| Autor Principal: | |
|---|---|
| Otros Autores: | |
| Formato: | Libro |
| Idioma: | English |
| Publicado: |
New York :
McGraw-Hill International,
c1977.
|
| Materias: | |
| Etiquetas: |
Agregar Etiqueta
Sin Etiquetas, Sea el primero en etiquetar este registro!
|
| LEADER | 00747cam a2200229 a 4500 | ||
|---|---|---|---|
| 001 | MAT.inmabb002486 | ||
| 008 | 770707s1977####nyua#####b####001#0#eng## | ||
| 005 | 20110316131759.0 | ||
| 245 | 1 | 4 | |a The four-color problem : |b assaults and conquest / |c Thomas L. Saaty and Paul C. Kainen. |
| 260 | |a New York : |b McGraw-Hill International, |c c1977. | ||
| 300 | |a ix, 217 p. : |b il. ; |c 25 cm. | ||
| 500 | |a "Advanced Book Program"--Cubierta. | ||
| 504 | |a Bibliografía: p. 194-211. | ||
| 510 | 4 | |a MR, |c 58 #246 | |
| 020 | |a 0070543828 | ||
| 100 | 1 | |a Saaty, Thomas L. | |
| 700 | 1 | |a Kainen, Paul C. | |
| 650 | 0 | |a Four-color problem. | |
| 084 | |a 05C15 (05-02) |2 msc2000 | ||
| 010 | |a 77030088 | ||
| 040 | |a DLC |c DLC |d DLC | ||
| 859 | |h 05 |i Sa112 |p A-5013 |b BIB. MATEMATICA | ||
